| 000 | 01177nam a22002897a 4500 | ||
|---|---|---|---|
| 999 |
_c112002 _d112002 |
||
| 003 | dpl | ||
| 005 | 20190220110717.0 | ||
| 008 | 190220b ||||| |||| 00| 0 eng d | ||
| 010 | _aB-236093 | ||
| 020 |
_c225.00 _a8181434897 |
||
| 035 | _aB-236093, B-236097 | ||
| 037 | _bCen Lib/Ret | ||
| 040 |
_aDPL _bHN _c0 |
||
| 082 |
_a820.8 _bशुक्लव |
||
| 100 |
_aशुक्ल, वागीश _945430 |
||
| 245 |
_aशहंशाह के कपडे कहाँ हैं? / _cवागीश शुक्ल |
||
| 246 |
_aShahansha ke kapde kahan hain / _bby Wagish Shukla |
||
| 260 |
_aनयी दिल्ली _bवाणी प्रकाशन _c2006 |
||
| 270 |
_a21-ए, दरिया गंज _bनयी दिल्ली _e110002 |
||
| 300 |
_a166पृ. _c21सेमी (सजिल्द) |
||
| 500 | _aअनुक्रमणिका शामिल | ||
| 650 |
_aहिन्दी साहित्य _945431 |
||
| 650 |
_aहिन्दी आलोचना _945432 |
||
| 650 |
_aHindi literature _945433 |
||
| 650 |
_aHindi criticism _942688 |
||
| 942 |
_2ddc _cHN _h820.8 _mशुक्लव |
||